00217nam a2200085Ia 4500008004100000100002400041245002900065260002900094300000800123210107s9999 xx 000 0 und d aRobbins, Stephen P. 0aOrganizational behaviour aDelhibPearson Education a675